HAZARDOUS AND INDUSTRIAL SOLID WASTE TESTING STP 805 (Record no. 10001)

MARC details
000 -LEADER
fixed length control field 00243nam a2200109 4500
082 ## - DEWEY DECIMAL CLASSIFICATION NUMBER
Classification number AST
100 ## - MAIN ENTRY--AUTHOR NAME
Personal name ASTM
245 ## - TITLE STATEMENT
Title HAZARDOUS AND INDUSTRIAL SOLID WASTE TESTING STP 805
260 ## - PUBLICATION, DISTRIBUTION, ETC. (IMPRINT)
Place of publication USA:
Name of publisher ASTM,
Year of publication 1983.
300 ## - PHYSICAL DESCRIPTION
Number of Pages 339p. ;
942 ## - ADDED ENTRY ELEMENTS (KOHA)
Koha item type Books
Holdings
Withdrawn status Lost status Home library Current library Date acquired Full call number Accession Number Koha item type
    Central Library, QUEST, Nawabshah Central Library, QUEST, Nawabshah 17/09/2014 AST 16700 Books
    Central Library, QUEST, Nawabshah Stacks area 17/09/2014 AST 16701 Books